Quiz o Kobyłce - Statystyki

Ogólne statystyki
  • Ten quiz został rozwiązany 8 razy
  • Średni wynik to 8 z 15
Statystyki odpowiedzi
Wskazówka Odpowiedź % Poprawnych
Województwo, w którym leży Kobyłka mazowieckie
100%
Tablica rejestracyjna Kobyłki WWL
100%
Kod pocztowy Kobyłki 05-230 | 05-231
86%
W jakiej aglomeracji leży Kobyłka aglomeracja {warszawska}
86%
Klub piłkarski tego miasta {Wicher} Kobyłka
86%
Burmistrz Kobyłki Konrad Kostrzewa
71%
Województwo, w którym leżała Kobyłka w latach 1975-1998 warszawskie
71%
Strefa numeracyjna Kobyłki +48 {22}
29%
Jak nazywano Kobyłkę w 1417? (dwie nazwy akceptowalne) Cobilka | Cobyalka
29%
Na jakiej historycznej ziemi leży Kobyłka? Mazowsze
29%
Na jakiej równinie leży Kobyłka? Równina {wołomińska}
29%
Rok, w którym Kobyłka otrzymała prawa miejskie 1969
14%
Na jakiej krainie geograficznej leży Kobyłka? Nizina Mazowiecka
14%
Jak miała się nazywać Kobyłka wg. Augusta II Sasa? (miało to miejsce w XVIII wieku, kiedy biskup Marcin Załuski otrzymał pozwolenie, na założenie miasta) Załuszczyn
14%
Populacja Kobyłki (w przybliżeniu) 28,300
0%
Nie znaleziono quizów pasujących do podanych kryteriów
Rozkład punktacji
Procent ludzi z każdym wynikiem
Percentyl według liczby udzielonych odpowiedzi
Twoja historia wyników
Nie rozwiązałeś tego quizu